[Event "Saint Louis Showdown Rapid 1"]
[Site "Saint Louis"]
[Date "2015.11.14"]
[Round "3"]
[White "Nakamura, Hikaru"]
[Black "Caruana, Fabiano"]
[Result "1/2-1/2"]
[WhiteElo "2793"]
[BlackElo "2787"]
[Annotator "Ramirez Alvarez,A"]
[PlyCount "155"]
[EventDate "2015.11.14"]
[EventType "match (rapid)"]
[EventRounds "4"]
[EventCountry "USA"]
[SourceTitle "CBM 169 Extra"]
[Source "ChessBase"]
[SourceDate "2015.12.18"]
[SourceVersion "1"]
[SourceVersionDate "2015.12.18"]
[SourceQuality "1"]

1. Nf3 Nf6 2. b3 g6 3. Bb2 Bg7 4. g3 O-O 5. c4 d6 6. d4 e5 7. dxe5 Nfd7 8. Bg2
Nxe5 9. Qd2 Nbc6 {Something like a King's Indian, but I never liked these
positions for Black when the g7 bishop is already challenged.} 10. O-O Bg4 11.
Nxe5 Nxe5 12. Bd4 Qc8 13. f4 $1 {Pushing forward. White's advantage in space
is important despite the trade of some pieces.} Nc6 14. Bxg7 Kxg7 15. Nc3 Ne7
$6 16. e4 f6 17. f5 (17. e5 $1 fxe5 18. fxe5 dxe5 19. Qg5 $1 $16 {looks very
dangerous for Black.}) 17... g5 18. c5 Rd8 19. Qe3 Qd7 20. h3 Bh5 21. g4 Bf7
22. e5 (22. Rad1 $14) 22... dxe5 23. Bxb7 Rab8 24. Rad1 Qe8 25. Bf3 Rb4 $6 (
25... h5 $1) 26. Rxd8 Qxd8 27. Rd1 Rd4 28. Rxd4 exd4 29. Qd3 Qd7 30. Kf2 h5 31.
Ne2 $16 {Black loses the pawn and is in some trouble.} Nc6 32. Qe4 Ne5 33. Qxd4
Qe7 34. Nc3 Nxf3 35. Kxf3 Be8 (35... Qe1 $1 $11 {Was the cleanest way to a
draw: with activity!}) 36. Kf2 hxg4 37. hxg4 Bc6 38. Ne2 a5 39. Qe3 Qd7 40. Nd4
Bd5 41. a3 c6 42. Ke1 Qc7 43. Kd2 Qh2+ 44. Kc3 Kf7 (44... Kf8 $1) 45. Nxc6 Qc7
$1 46. Nd4 Qxc5+ 47. Kb2 a4 48. bxa4 Qc4 49. Qc3 Qxa4 50. Qc7+ Ke8 51. Qc8+ Kf7
52. Qc5 Qc4 53. Qxc4 Bxc4 {The endgame is difficult to win because of the
counterplay on the pawns.} 54. Nc2 (54. Kc3 $1 Bf1 55. Nc2 $1 Ke7 56. Ne3 Be2
57. Kd2 $1 {was the winning way, but hard to find.}) 54... Ke7 55. Kc3 Be2 56.
Ne3 Kd6 57. Kd4 Kc6 58. a4 Bf3 59. a5 Be2 {Now the endgame is a draw. White
can't make progress.} 60. a6 Bxa6 61. Nd5 Be2 62. Nxf6 Kd6 63. Ne4+ Ke7 64. Nf2
Kf6 65. Ke4 Ba6 66. Kf3 Ke5 67. Nd1 Bd3 68. Ne3 Be4+ 69. Kg3 Bd3 70. Kh3 Be2
71. Kg3 Bd3 72. Kf2 Kf4 73. f6 Bg6 74. Nc4 Kxg4 75. f7 Bxf7 76. Ne5+ Kf5 77.
Nxf7 Kf6 78. Nxg5 1/2-1/2

[Event "Saint Louis Showdown Rapid 1"]
[Site "Saint Louis"]
[Date "2015.11.14"]
[Round "4"]
[White "Caruana, Fabiano"]
[Black "Nakamura, Hikaru"]
[Result "1-0"]
[WhiteElo "2787"]
[BlackElo "2793"]
[Annotator "Ramirez Alvarez,A"]
[PlyCount "99"]
[EventDate "2015.11.14"]
[EventType "match (rapid)"]
[EventRounds "4"]
[EventCountry "USA"]
[SourceTitle "CBM 169 Extra"]
[Source "ChessBase"]
[SourceDate "2015.12.18"]
[SourceVersion "1"]
[SourceVersionDate "2015.12.18"]
[SourceQuality "1"]

1. e4 e6 2. d4 d5 3. Nc3 Nf6 4. e5 Nfd7 5. f4 c5 6. Nf3 Nc6 7. Be3 Be7 8. Qd2
a6 9. Bd3 $5 {Not the most common, but it does look logical to develop a
bishop doesn't it?} b5 10. O-O Qb6 11. dxc5 Bxc5 12. Bxc5 Nxc5 13. Qf2 Nd7 14.
a3 Ke7 15. Qxb6 Nxb6 16. Ne2 Bd7 17. b3 {White has a slight edge in these
structures usually, but Black has his chances with breaks on f6 if he can get
them in.} f6 18. Ned4 Nxd4 19. Nxd4 fxe5 20. fxe5 h6 21. Kf2 Rhf8+ 22. Ke3 Rxf1
23. Rxf1 Be8 24. Bh7 Bf7 25. Nc6+ Ke8 26. Bd3 Rc8 27. Nb4 Nd7 28. Kd4 Nb8 29.
Nxa6 Nc6+ 30. Kc5 Ke7 31. Kxb5 (31. Kb6 $1 Nxe5 32. Bxb5 Rxc2 33. Nc5 {with a
clear advantage. Those pawns are rolling on the queenside.}) 31... Nxe5 32. Kb6
Be8 33. a4 Kd6 {With White's king so separated from his rook it does look like
Black can hold. However a pawn is a pawn, and he still has chances.} 34. Rf2
Nxd3 35. cxd3 Bg6 $6 (35... e5 36. a5 $14) 36. d4 e5 37. dxe5+ Kxe5 38. b4 $6 (
38. Nc5 d4 39. a5 {was more effective. Push the pawn that is ahead!}) 38... d4
39. b5 d3 40. Nb4 Kd4 (40... Be4 $1 41. Nc6+ Kd6 $1) 41. Nc6+ Ke3 42. Rf3+ Ke2
43. Nd4+ Ke1 44. Rg3 $1 {What a nice move! The bishop doesn't have any moves
at the moment.} Be4 {based on a miscalculation} 45. Re3+ Kf1 46. Rxe4 d2 47.
Nf5 {stopping everything, now the game is simply over.} Rc3 48. Rd4 Ke1 49. a5
g6 50. Nd6 {Black can get the rook if he wants, it does not matter. The pawns
are too powerful.} 1-0

[Event "Saint Louis Showdown Blitz 1"]
[Site "Saint Louis"]
[Date "2015.11.15"]
[Round "1"]
[White "Nakamura, Hikaru"]
[Black "Caruana, Fabiano"]
[Result "0-1"]
[WhiteElo "2793"]
[BlackElo "2787"]
[Annotator "Ramirez Alvarez,A"]
[PlyCount "132"]
[EventDate "2015.11.15"]
[EventType "match (blitz)"]
[EventRounds "8"]
[EventCountry "USA"]
[SourceTitle "CBM 169 Extra"]
[Source "ChessBase"]
[SourceDate "2015.12.18"]
[SourceVersion "1"]
[SourceVersionDate "2015.12.18"]
[SourceQuality "1"]

1. Nf3 Nf6 2. b3 g6 3. Bb2 Bg7 4. d4 d5 5. g3 O-O 6. Bg2 Ne4 7. O-O c5 8. Nfd2
Bf5 {Aggressive play by Black here is justified since White's opening is
rather passive. I even enjoy Caruana's positino more already.} 9. Nxe4 Bxe4 10.
f3 Bf5 11. e4 $2 {A mistake already!} dxe4 12. fxe4 Bg4 $1 {What a nice
deflection! Black wins a pawn and takes control of the game.} 13. Qd3 (13. Qxg4
Bxd4+ 14. Bxd4 Qxd4+ {costs White an exchange.}) 13... Bxd4+ 14. Bxd4 Qxd4+ 15.
Qxd4 cxd4 16. e5 Nd7 17. Rf4 Nxe5 18. Na3 Rad8 19. Bxb7 g5 20. Rf2 d3 21. cxd3
Nxd3 22. Rc2 Ne5 23. Rf1 f6 24. Bg2 Rc8 25. Rfc1 Rxc2 26. Rxc2 Rd8 27. h3 Rd1+
28. Kf2 Bf5 29. Re2 Bd3 30. Rb2 Ba6 31. Ke3 Re1+ 32. Kd4 Nd3 33. Rd2 e5+ 34.
Kc3 Rc1+ 35. Rc2 Rg1 36. Rd2 Ne1 37. Bd5+ Kg7 38. g4 Rg3+ 39. Kb4 Rxh3 40. Ka5
Bd3 41. Rd1 Nc2 42. Nxc2 Bxc2 43. Rc1 Rh2 44. b4 e4 45. Re1 Bd3 46. a4 f5 47.
gxf5 Kf6 48. b5 g4 49. Ka6 Ke5 50. Bc6 Ra2 51. a5 g3 52. Kxa7 Rxa5+ 53. Kb6 Ra2
54. Kc7 Ra7+ 55. Kb8 Rg7 56. b6 g2 57. Rg1 Kd6 {The players only had seconds
at this point. Caruana is winning, but with only two second increment anything
can happen.} 58. Ba8 Rg8+ 59. Ka7 e3 $2 60. f6 $2 (60. Bxg2 $1 $16) 60... e2 $2
(60... Rxa8+ $1 61. Kxa8 Be4+ 62. b7 Ke6 $19) 61. f7 Rf8 62. b7 Rxf7 $1 63. Kb6
Rf8 64. Ka7 Rf7 65. Kb6 Rf8 66. Ka7 Be4 (66... Be4 67. b8=Q+ Rxb8 68. Kxb8 Bxa8
69. Kxa8 Ke5 {and Black just brings his king in and wins.}) 0-1

[Event "Saint Louis Showdown Blitz 1"]
[Site "Saint Louis"]
[Date "2015.11.15"]
[Round "2"]
[White "Caruana, Fabiano"]
[Black "Nakamura, Hikaru"]
[Result "1/2-1/2"]
[WhiteElo "2787"]
[BlackElo "2793"]
[Annotator "CB"]
[PlyCount "120"]
[EventDate "2015.11.15"]
[EventType "match (blitz)"]
[EventRounds "8"]
[EventCountry "USA"]
[SourceTitle "CBM 169 Extra"]
[Source "ChessBase"]
[SourceDate "2015.12.18"]
[SourceVersion "1"]
[SourceVersionDate "2015.12.18"]
[SourceQuality "1"]

1. e4 c5 2. Nf3 d6 3. Bb5+ Bd7 4. Bxd7+ Nxd7 5. O-O Ngf6 6. Qe2 g6 7. c3 Bh6 8.
d4 Bxc1 9. Rxc1 O-O 10. e5 Nh5 11. Nbd2 dxe5 12. dxe5 Qb6 13. Nc4 Qa6 14. Qe4
Rad8 15. Rd1 Nb8 16. Ne3 h6 17. Nd5 Qe6 18. h3 b6 19. c4 f5 20. Qe3 Kh7 21. Rd2
Rd7 22. Rad1 Rfd8 23. a3 Nc6 24. b4 Kg7 25. bxc5 Na5 26. Qc3 Kh7 27. cxb6 axb6
28. Qb4 Ng7 29. Nf4 Qc6 30. Rxd7 Rxd7 31. Rxd7 Qxd7 32. Qxb6 Nc6 33. a4 e6 34.
a5 g5 35. Ne2 Qd1+ 36. Kh2 Qxe2 37. Qxc6 g4 38. hxg4 fxg4 39. Nh4 Qxf2 40. Qe4+
Nf5 41. Nxf5 exf5 42. Qb7+ Kg6 $4 (42... Kh8 $11) 43. Qc6+ $4 (43. Qb6+ $18)
43... Kh5 44. Qe8+ Kg5 45. e6 Qh4+ 46. Kg1 Qe1+ 47. Kh2 Qe5+ 48. Kg1 Qd4+ 49.
Kh1 $4 (49. Kf1 $11) 49... Qd1+ $4 (49... g3 $1) 50. Kh2 $11 Qd6+ 51. Kg1 Qd1+
52. Kh2 Qd6+ 53. Kg1 g3 54. Qd7 Qc5+ 55. Kh1 Qe3 56. Qe7+ Kg4 57. Qg7+ Kh5 58.
Qf7+ Kg5 59. Qg7+ Kh5 60. Qf7+ Kg5 1/2-1/2

[Event "Saint Louis Showdown Blitz 1"]
[Site "Saint Louis"]
[Date "2015.11.15"]
[Round "3"]
[White "Nakamura, Hikaru"]
[Black "Caruana, Fabiano"]
[Result "0-1"]
[WhiteElo "2793"]
[BlackElo "2787"]
[Annotator "Ramirez Alvarez,A"]
[PlyCount "120"]
[EventDate "2015.11.15"]
[EventType "match (blitz)"]
[EventRounds "8"]
[EventCountry "USA"]
[SourceTitle "CBM 169 Extra"]
[Source "ChessBase"]
[SourceDate "2015.12.18"]
[SourceVersion "1"]
[SourceVersionDate "2015.12.18"]
[SourceQuality "1"]

1. Nf3 Nf6 2. b3 g6 3. c4 Bg7 4. Bb2 O-O 5. d4 c6 6. e3 d5 7. Nc3 e6 8. Be2 b6
9. O-O Bb7 10. cxd5 exd5 11. b4 Nbd7 12. Nd2 a5 13. a3 b5 14. Nb3 a4 15. Nc1
Ne8 16. Nd3 Nd6 17. Nb1 Nc4 18. Nd2 Re8 19. Nf3 h5 20. Bc3 Bf6 21. Nd2 Bc8 22.
Bf3 Ndb6 23. Re1 Bf5 24. Nf1 Nd6 25. Ng3 Bxd3 26. Qxd3 h4 27. Nf1 Nbc4 28. Nd2
Qd7 29. Nxc4 Nxc4 30. Qd1 Re7 31. Be2 Kg7 32. h3 Nd6 33. Bd3 Kg8 34. Ra2 Bg7
35. Bb2 f5 36. Bc1 Bh6 37. Rc2 Nc4 38. Rce2 Rae8 39. Qc2 Kh7 40. Qc3 Qd6 41.
Bc2 Bg5 42. Qd3 Qf6 43. Qd1 Re6 44. Bd3 Qd8 45. Qc2 Qd6 46. Rd1 Bd8 47. Bxc4
dxc4 48. d5 cxd5 49. Red2 Bc7 50. Rxd5 Qh2+ 51. Kf1 Qh1+ 52. Ke2 Qxg2 53. Rd7+
R8e7 54. Qd2 Bg3 55. Qe1 f4 $1 56. Qf1 Qh2 (56... f3+ 57. Ke1 Be5 $19) 57. Qg1
f3+ 58. Kxf3 Qxh3 $2 59. fxg3 $2 (59. Rxe7+ Rxe7 60. fxg3 $13) 59... Rf6+ 60.
Ke2 Rxd7 {important details!} 0-1

[Event "London Classic 7th"]
[Site "London"]
[Date "2015.12.12"]
[Round "8"]
[White "Caruana, Fabiano"]
[Black "Anand, Viswanathan"]
[Result "1/2-1/2"]
[WhiteElo "2787"]
[BlackElo "2803"]
[Annotator "Sagar Shah/CB Website"]
[PlyCount "118"]
[EventDate "2015.12.04"]
[EventType "tourn"]
[EventRounds "9"]
[EventCountry "ENG"]
[EventCategory "22"]
[SourceTitle "CBM 170"]
[Source "ChessBase"]
[SourceDate "2016.01.15"]
[SourceVersion "1"]
[SourceVersionDate "2016.01.15"]
[SourceQuality "1"]

1. Nf3 d5 2. c4 e6 3. d4 Nf6 4. g3 Be7 5. Bg2 O-O 6. O-O dxc4 7. Qa4 a6 8. Qxc4
b5 9. Qc2 Bb7 10. Bd2 Bd6 11. Ng5 $5 {The main idea of this move is to get in
e4.} (11. Re1 {is the main move here.}) 11... Bxg2 12. Kxg2 Nbd7 13. e4 e5 14.
dxe5 Nxe5 15. f4 Nc4 {Until this point we have been following some top level
games. Most notably Eljanov-Carlsen and Ponomariov-Karjakin. Both games
continued with 16.b3 but Caruana had a new idea up his sleeve.} 16. Bc1 $1 $146
(16. e5 $6 h6 $1 17. Nf3 Ng4 $1 18. Re1 Bc5 $15) (16. b3 Nxd2 17. Nxd2 h6 18.
Ngf3 Bb4 {Black has a perfectly fine position.}) 16... h6 17. Nf3 Ng4 {A huge
fork is threatened on e3.} 18. Re1 Bc5 19. Nc3 {Caruana was still very much in
his preparation. Now Anand could have won an exchange with ...Ne3+ but decided
against it.} Qd6 (19... Nge3+ 20. Bxe3 Nxe3+ 21. Rxe3 Bxe3 22. Nd5 Bb6 23. Ne5
$44 {[%cal Ge5c6] The knights in the centre should not be underestimated.
White has sufficient compensation for the exchange. What is very useful to
learn from this example is the fact that Caruana does not always follow the
best moves of the computer when preparing specific lines. He goes for ideas
and then the computer more often than not changes its evaluation.}) 20. Nd1
Rad8 21. h3 Qxd1 22. Qxd1 Rxd1 23. Rxd1 Nge3+ 24. Bxe3 Nxe3+ 25. Kh2 Nxd1 26.
Rxd1 {White has the slightly more pleasant endgame but nothing disastrous has
occurred for Black. With accurate play he can still hold.} Re8 {.} 27. e5 f6
28. Rd5 Bf8 29. Kg2 c5 30. Kf2 fxe5 31. Nxe5 {White's forces are centralised
and the king is coming into the game. Black has to be quick to get his
counterplay rolling with the queenside majority.} c4 32. Ke3 Bb4 33. Ke4 (33.
Kd4 Be1 34. g4 Bg3 35. Ke4 g5 $1 $15) 33... Be1 34. g4 c3 35. bxc3 Bxc3 36. h4
{By systematic play Caruana is increasing the pressure on Vishy.} b4 37. h5 a5
$1 {Anand knows that he cannot just sit around doing nothing. He tries his
best to create a passer even at the cost of giving up a pawn.} 38. Rxa5 b3 39.
Ra7 b2 40. Rb7 Ra8 41. Kd3 Bxe5 42. fxe5 Rxa2 43. Ke4 Ra1 {It is unclear what
symbol this move should be given. It can be given a dubious mark as Black
could have drawn even without giving up that pawn. But it is also a move
worthy of an exclamation mark, because Anand accurately assessed the endgame
where he was a pawn behind.} (43... Kf8 44. Kf5 Ke8 45. Kg6 (45. e6 Ra5+ 46.
Kg6 Rg5+ 47. Kh7 Rxg4 48. Rxb2 $11) 45... Ra6+ $1 46. Kxg7 $2 (46. Kh7 Ra4 47.
Rxb2 Rxg4 $11) 46... Ra7 $1 $17) 44. Rxb2 Kf7 45. Rb7+ Ke6 46. Rb6+ Kf7 47.
Rb7+ Ke6 48. Rxg7 Ra4+ $1 49. Kf3 Kxe5 50. Re7+ (50. Rg6 Ra3+ 51. Kf2 Kf4 $11)
50... Kf6 51. Rh7 Kg5 52. Rg7+ Kh4 53. Rg6 Rb4 54. Rxh6 Rb3+ 55. Kf4 Rb4+ 56.
Ke5 Kxg4 57. Rh8 Rb5+ 58. Ke4 Rxh5 59. Rxh5 Kxh5 {A high class game in all
respects.} 1/2-1/2

[Event "Tata Steel-A 78th"]
[Site "Wijk aan Zee"]
[Date "2016.01.16"]
[Round "1"]
[White "Caruana, Fabiano"]
[Black "Eljanov, Pavel"]
[Result "1-0"]
[WhiteElo "2787"]
[BlackElo "2760"]
[Annotator "Krasenkow,M"]
[PlyCount "75"]
[EventDate "2016.01.16"]
[EventType "tourn"]
[EventRounds "13"]
[EventCountry "NED"]
[EventCategory "20"]
[SourceTitle "CBM 171"]
[Source "ChessBase"]
[SourceDate "2016.03.14"]
[SourceVersion "2"]
[SourceVersionDate "2016.03.14"]
[SourceQuality "1"]

1. Nf3 d5 2. c4 e6 3. d4 Nf6 4. Nc3 dxc4 5. e4 Bb4 6. Bxc4 Nxe4 7. O-O Nf6 {
A rare and rather illogical continuation. Avoiding exchanges with an extra
pawn needs a good reason, which I don't see here.} 8. Bg5 (8. Qa4+ {, forcing}
Nc6 {, is probably more precise. It was examined in the annotations to
Halkias-Fressinet (CBM 136) and Aronian-Anand by GM Romain Edouard (CBM 145).
Here is a fresh example:} 9. Bg5 $1 Bxc3 (9... Be7 {was played in
Aronian-Anand, and White brilliantly won after} 10. Bxf6 Bxf6 11. d5 exd5 12.
Rfe1+ Be6 13. Bxd5 (13. Ba6 $142 $1 {R.Edouard}) 13... O-O 14. Bxe6 fxe6 15.
Rad1 $44 {1-0 (25) Aronian,L (2807)-Anand,V (2817) Sao Paulo/Bilbao 2011 CBM
145 [Edouard,R]}) 10. bxc3 O-O 11. Rae1 Ne7 12. Qc2 b5 13. Bxb5 Bb7 14. Qd3 Nf5
15. Ne5 h6 16. Bc1 Nd6 17. Ba4 $14 {1-0 (33) Wojtaszek,R (2735)-Pelletier,Y 
(2578) Tromso 2014}) 8... O-O (8... Be7 9. Ne5 Nc6 10. Bb5 Bd7 11. Bxf6 Bxf6
12. Nxd7 Qxd7 13. d5 exd5 14. Re1+ Kf8 15. Nxd5 Qd6 16. Bxc6 bxc6 17. Nxf6 Qxf6
18. Qh5 $36 {1/2 (57) Manolache,M (2535)-Thesing,M (2404) Brasov 2011}) 9. Qe2
h6 10. Bh4 Be7 11. Rad1 Nbd7 12. Ne5 Nb6 13. Bd3 Nfd5 14. Bg3 Bd7 $146 {
Black improves his defence compared to the following game:} (14... f5 15. h3
Bd6 16. Rfe1 Qg5 17. Qf3 Nf6 18. Bf4 Qh5 19. Qg3 Qe8 20. Bxh6 Nh5 21. Qg5 $16 {
1-0 (48) Mamedyarov,S (2719)-Kramnik,V (2772) Moscow 2009}) {Still, White
keeps an initiative for the missing pawn.} 15. Ne4 Ba4 16. Rc1 Nd7 17. b3 Nxe5
18. dxe5 Bc6 19. Rfd1 $44 a5 20. a4 Qe8 ({The Rubinstein-style manoeuvre} 20...
Qb8 {[%cal Yf8d8,Yb8a7] deserved serious attention. The position remained
double-edged.}) 21. h4 {[%mdl 128]} Rd8 22. h5 Nb4 23. Bb1 Kh8 ({An attempt to
simplify the game by means of} 23... Rxd1+ 24. Rxd1 Qc8 {[%cal Yf8d8] led to a
balanced position:} 25. Nf6+ $1 Kh8 (25... Bxf6 26. exf6 Rd8 27. Be5) (25...
gxf6 26. Qg4+ Kh8 27. Qf4 Kg7 28. Bh4 f5 29. Bxe7 Rg8 30. g4 $1 Nd5 31. Rxd5 $1
Bxd5 32. Kh2 $40) 26. Rc1 $1 Bxf6 (26... gxf6 27. exf6 Bxf6 28. Rxc6 $1 {
[%cal Re2e4]}) 27. exf6 gxf6 28. Qe3 (28. Be5 fxe5 29. Qe3 Kg7 30. Qg3+ $11)
28... Kg7 29. Rc4 f5 30. Be5+ Kh7 31. Rg4 Rg8 32. Qg3 Qf8 $13) 24. Bf4 Rg8 25.
Bd2 {White's plan is to eliminate Black's powerful knight, which will allow
him to create threats along the b1-h7 diagonal.} Rd5 (25... Rd7 {was more
accurate, e.g.} 26. Bxb4 axb4 27. Ng3 (27. Qc2 f5) 27... Bg5 28. Rxd7 Qxd7 29.
Rd1 Bd5 30. Qd3 g6 $13) 26. Bxb4 axb4 $6 (26... Rxd1+ $142 27. Qxd1 Bxb4 28.
Qd3 f5 29. exf6 gxf6 30. Nxf6 Rxg2+ 31. Kf1 Qe7 32. Rxc6 Rxf2+ $1 33. Kxf2
Qxf6+ 34. Ke2 Qe5+ $11) 27. Rxd5 exd5 {After this move Black's bishop is dead,
White gets the important f5-square, and his e5-pawn becomes mobile. But alas,}
(27... Bxd5 {is poor due to} 28. Qc2 $1 f5 (28... g6 29. Qd2 $1 Kg7 30. Nf6)
29. exf6 gxf6 30. Nxf6 Rxg2+ 31. Kf1 Qf7 32. Nxd5 {(the difference from the 26.
..Rxd1+ line)}) 28. Ng3 Bg5 29. Re1 g6 30. Qg4 (30. Qb2 $5 $36) 30... Qe7 31.
Qd4 b6 $2 (31... Qe6 {, giving up the b4-pawn but stopping White's strong
e5-pawn, was a must. White needn't restore the material balance at once:} 32.
hxg6 fxg6 33. Ne2 $14 {[%cal Yf2f4,Ye2f4]}) 32. e6+ $1 Bf6 ({Black probably
overlooked} 32... Rg7 33. exf7 $1 Qxe1+ 34. Kh2 Qe7 (34... Be7 35. Qf4 {
[%cal Rf7f8,Rf4h6]}) 35. hxg6 {[%cal Rg3f5] , and Black has no defence despite
his extra rook. E.g.} Qd6 (35... Bf6 36. Nf5 $1 Bxd4 37. Nxe7) 36. Kg1 Be7 (
36... Bf6 37. Qf4 $1 Qxf4 38. f8=Q+ Rg8 39. g7+ Bxg7 40. Qxf4) 37. Qe3 Bg5 38.
Qe8+ Bxe8 39. fxe8=Q+ Rg8 40. g7+ Kxg7 41. Nf5+ Kh8 42. Nxd6 Rxe8 43. Nxe8 $18)
33. Qf4 $1 g5 (33... Kg7 34. hxg6 fxg6 35. Bxg6 $1 Kxg6 36. Qf5+ Kg7 37. Nh5+
Kh8 38. Nxf6 $18) (33... Bg5 34. Qxf7) 34. Qf5 Rg7 35. Qc2 $1 {[%cal Rg3f5,
Rc2c6] A decisive attacking "retreat"!} Qc5 36. Qxc5 bxc5 37. Nf5 Rg8 38. exf7
{[%cal Rf7g8,Re1e6]} 1-0

[Event "Tata Steel-A 78th"]
[Site "Wijk aan Zee"]
[Date "2016.01.19"]
[Round "4"]
[White "Giri, Anish"]
[Black "Caruana, Fabiano"]
[Result "1/2-1/2"]
[WhiteElo "2798"]
[BlackElo "2787"]
[PlyCount "125"]
[EventDate "2016.01.16"]
[EventType "tourn"]
[EventRounds "13"]
[EventCountry "NED"]
[EventCategory "20"]
[SourceTitle "CBM 171"]
[Source "ChessBase"]
[SourceDate "2016.03.14"]
[SourceVersion "2"]
[SourceVersionDate "2016.03.14"]
[SourceQuality "1"]

1. e4 e5 2. Nf3 Nc6 3. Bb5 a6 4. Ba4 Nf6 5. O-O Nxe4 6. d4 b5 7. Bb3 d5 8. dxe5
Be6 9. Be3 Be7 10. c3 Qd7 11. Nbd2 Nxd2 12. Qxd2 Na5 13. Bg5 c5 14. Bxe7 Qxe7
15. Bxd5 Rd8 16. c4 Nxc4 17. Bc6+ Kf8 18. Qc3 b4 19. Qc1 h6 20. a3 bxa3 21.
bxa3 g5 22. Rb1 Qc7 23. Be4 Qa5 24. Rb7 Rg8 25. Rb3 Nd6 26. exd6 Bxb3 27. Qb2
Be6 28. Rd1 Qb5 29. Qf6 Qa4 30. Rb1 Qxe4 31. Qxd8+ Kg7 32. Qb6 g4 33. Nd2 Qd3
34. Qb2+ Kg6 35. f3 c4 36. Ne4 c3 37. Nxc3 gxf3 38. Nd1 Qxd6 39. Ne3 Qd3 40.
Qc2 Qxc2 41. Nxc2 Kf6 42. Ne1 fxg2 43. Rb6 a5 44. Ra6 Rg5 45. Nxg2 Rf5 46. h3
Rc5 47. Nf4 Kf5 48. Nxe6 fxe6 49. Kf2 h5 50. a4 e5 51. Ra8 e4 52. Ke3 Rc3+ 53.
Kd4 Rd3+ 54. Kc4 Kf4 55. Rxa5 Rxh3 56. Ra8 Rh1 57. a5 h4 58. a6 Ra1 59. a7 Ke3
60. Kb5 h3 61. Kb6 Rb1+ 62. Kc6 Ra1 63. Kb6 1/2-1/2

[Event "Tata Steel-A 78th"]
[Site "Wijk aan Zee"]
[Date "2016.01.21"]
[Round "5"]
[White "Caruana, Fabiano"]
[Black "Hou, Yifan"]
[Result "1/2-1/2"]
[WhiteElo "2787"]
[BlackElo "2673"]
[PlyCount "158"]
[EventDate "2016.01.16"]
[EventType "tourn"]
[EventRounds "13"]
[EventCountry "NED"]
[EventCategory "20"]
[SourceTitle "CBM 171"]
[Source "ChessBase"]
[SourceDate "2016.03.14"]
[SourceVersion "2"]
[SourceVersionDate "2016.03.14"]
[SourceQuality "1"]

1. e4 e5 2. Nf3 Nf6 3. Nxe5 d6 4. Nf3 Nxe4 5. Nc3 Nxc3 6. dxc3 Be7 7. Be3 Nc6
8. Qd2 Be6 9. O-O-O Qd7 10. h4 h6 11. a3 Rg8 12. Nd4 Nxd4 13. Qxd4 c5 14. Qf4
d5 15. Qg3 O-O-O 16. Be2 g5 17. hxg5 hxg5 18. Rh7 Qa4 19. Kb1 Rd7 20. Bc1 Bd6
21. Qd3 Bf4 22. Be3 Bxe3 23. Qxe3 Qe4 24. Qxe4 dxe4 25. Kc1 Rxd1+ 26. Kxd1 Kd7
27. Kd2 Kd6 28. Bh5 Ke7 29. Ke3 Kf6 30. Be2 Kg6 31. Rh1 f5 32. g3 Rd8 33. a4
Kf6 34. a5 Ke5 35. Rh5 Rg8 36. f4+ exf3 37. Bxf3 Rg7 38. Rh8 Re7 39. Ra8 a6 40.
Rd8 f4+ 41. gxf4+ gxf4+ 42. Kf2 Rc7 43. Rb8 Bc8 44. c4 Kd6 45. c3 Ke5 46. Bd5
Kf6 47. Kf3 Kf5 48. b3 Ke5 49. b4 cxb4 50. cxb4 Kf5 51. Ke2 Ke5 52. Kd3 Bf5+
53. Kd2 Kd4 54. Rf8 Ke5 55. Kc3 Re7 56. Rh8 Be4 57. Rh5+ Kd6 58. Kd4 Bxd5 59.
Rxd5+ Kc6 60. Rc5+ Kd6 61. Rf5 Rh7 62. Rf6+ Kc7 63. Rxf4 Rh5 64. Rf7+ Kc6 65.
Rf6+ Kc7 66. Re6 Rg5 67. Re5 Rg6 68. b5 axb5 69. cxb5 Rg1 70. Re7+ Kb8 71. b6
Rd1+ 72. Kc5 Rc1+ 73. Kd6 Rd1+ 74. Ke6 Re1+ 75. Kd7 Rxe7+ 76. Kxe7 Ka8 77. Kd7
Kb8 78. Kd8 Ka8 79. a6 Kb8 1/2-1/2

[Event "Tata Steel-A 78th"]
[Site "Wijk aan Zee"]
[Date "2016.01.24"]
[Round "8"]
[White "Navara, David"]
[Black "Caruana, Fabiano"]
[Result "1-0"]
[WhiteElo "2730"]
[BlackElo "2787"]
[PlyCount "109"]
[EventDate "2016.01.16"]
[EventType "tourn"]
[EventRounds "13"]
[EventCountry "NED"]
[EventCategory "20"]
[SourceTitle "CBM 171"]
[Source "ChessBase"]
[SourceDate "2016.03.14"]
[SourceVersion "2"]
[SourceVersionDate "2016.03.14"]
[SourceQuality "1"]

1. d4 Nf6 2. c4 e6 3. Nc3 Bb4 4. Qc2 O-O 5. Nf3 c5 6. dxc5 Na6 7. g3 Nxc5 8.
Bg2 Nce4 9. O-O Nxc3 10. bxc3 Be7 11. e4 d6 12. e5 dxe5 13. Nxe5 Qc7 14. Qe2
Nd7 15. Bf4 Nxe5 16. Bxe5 Bd6 17. Rfe1 Rb8 18. Rad1 Bxe5 19. Qxe5 Qxe5 20. Rxe5
b6 21. c5 f6 22. cxb6 axb6 23. Re2 Kf7 24. f4 e5 25. fxe5 Bg4 26. e6+ Kg6 27.
Be4+ f5 28. e7 Bxe2 29. Rd6+ Kg5 30. exf8=R Rxf8 31. Bd5 Rf6 32. Rd7 Kh6 33.
Kf2 Bb5 34. Rc7 Rd6 35. c4 Be8 36. Rc8 Bd7 37. Rd8 Kg6 38. Ke3 Kf6 39. Kd4 Ke7
40. Rg8 Rg6 41. Ke5 Rg5 42. Rb8 Rg6 43. Rh8 Rh6 44. h4 Be6 45. Ra8 Bd7 46. Rh8
Be6 47. a4 Bd7 48. Ra8 Rg6 49. Ra7 Rxg3 50. a5 bxa5 51. c5 Kd8 52. h5 f4 53.
Kd6 Bc8 54. c6 Rg5 55. Bf7 1-0